Statistiche per Regioni d'Italia per immagine

Clicka qui per fare il quiz!

Statistiche generali

  • Questo quiz è stato fatto 6.679 volte
  • Il punteggio medio è 14 su 20

Statistiche sulle risposte

Risposta% Corretto
Toscana
96%
Lombardia
90%
Sicilia
88%
Piemonte
87%
Emilia-Romagna
86%
Molise
80%
Valle d'Aosta
79%
Veneto
79%
Sardegna
77%
Trentino-Alto Adige
73%
Calabria
72%
Puglia
72%
Lazio
66%
Basilicata
59%
Umbria
57%
Campania
49%
Friuli-Venezia Giulia
46%
Abruzzo
43%
Liguria
43%
Marche
38%

Distribuzione punteggi

Percentile per numero di risposta

Percentuale di utenti per punteggio

I tuoi punteggi nel tempo

Non hai fatto questo quiz